书目信息 |
| 题名: |
智能建筑工程质量验收规范
|
|
| 作者: | 赵晓宇 , 中华人民共和国住房和城乡建设部批准 起草 ;同方公司 主编 ;中国 批准 | |
| 分册: | ||
| 出版信息: | 北京 中国建筑工业出版社 2013 |
|
| 页数: | 10, 115页 | |
| 开本: | 21cm | |
| 丛书名: | 中华人民共和国国家标准 | |
| 单 册: | ||
| 中图分类: | TU711 | |
| 科图分类: | ||
| 主题词: | 智能化建筑--Zhi Neng Hua Jian Zhu--工程验收--建筑规范--中国 | |
| 电子资源: | ||
| ISBN: | ||
| 000 | 01656nam 2200349 450 | |
| 001 | 142512 | |
| 005 | 20141221155259.71 | |
| 010 | @dCNY 21.00 | |
| 091 | @a15112·23757@dCNY21.00 | |
| 094 | @aCN@bGB 50339-2013 | |
| 099 | @aCAL 012014035273 | |
| 100 | @a20140401d2013 ekmy0chiy50 ea | |
| 101 | 0 | @achi |
| 102 | @aCN@b110000 | |
| 105 | @aak l 000yy | |
| 200 | 1 | @a智能建筑工程质量验收规范@AZhi Neng Jian Zhu Gong Cheng Zhi Liang Yan Shou Gui Fan@d= Code for acceptance of quality of intelligent building systems@f中华人民共和国住房和城乡建设部批准@Fzhong hua ren min gong he guo zhu fang he cheng xiang jian she bu pi zhun@zeng |
| 210 | @a北京@c中国建筑工业出版社@d2013 | |
| 215 | @a10, 115页@c图@d21cm | |
| 225 | 2 | @a中华人民共和国国家标准@AZhong Hua Ren Min Gong He Guo Guo Jia Biao Zhun |
| 300 | @a本规范由中华人民共和国住房和城乡建设部, 中华人民共和国国家质量监督检验检疫总局于2013-06-26联合发布, 2014-02-01实施 | |
| 314 | @a本规范主编单位同方股份有限公司 ; 主要起草人赵晓宇 ... [等] | |
| 330 | @a本书是智能建筑工程质量验收规范。 | |
| 410 | 0 | @12001@a中华人民共和国国家标准 |
| 510 | 1 | @aCode for acceptance of quality of intelligent building systems@zeng |
| 606 | 0 | @a智能化建筑@AZhi Neng Hua Jian Zhu@x工程验收@x建筑规范@y中国 |
| 690 | @aTU711@v5 | |
| 701 | 0 | @a赵晓宇@AZhao Xiao Yu@4起草 |
| 701 | 0 | @a中华人民共和国住房和城乡建设部批准@Azhong hua ren min gong he guo zhu fang he cheng xiang jian she bu pi zhun |
| 711 | 02 | @a同方公司@ATong Fang Gong Si@4主编 |
| 712 | 01 | @a中国@AZhong Guo@b住房和城乡建设部@BZhu Fang He Cheng Xiang Jian She Bu@4批准 |
| 801 | 0 | @aCN@bXMU@c20141221 |
| 905 | @a241430@dTU711@eZ9111 | |
| 智能建筑工程质量验收规范= Code for acceptance of quality of intelligent building systems/中华人民共和国住房和城乡建设部批准.-北京:中国建筑工业出版社,2013 |
| 10, 115页:图;21cm.-(中华人民共和国国家标准) |
| 本规范由中华人民共和国住房和城乡建设部, 中华人民共和国国家质量监督检验检疫总局于2013-06-26联合发布, 2014-02-01实施 |
| ISBN :CNY 21.00 |
| 本书是智能建筑工程质量验收规范。 |
| ● |
| 相关链接 |
|
|
|
正题名:智能建筑工程质量验收规范
索取号:TU711/Z9111
 
预约/预借
| 序号 | 登录号 | 条形码 | 馆藏地/架位号 | 状态 | 备注 |
| 1 | 1135132 | 211351320 | 土木与交通工程学院资料室/101建筑库 55排1列1层/ [索取号:TU711/Z9111] | 在馆 | |
| 2 | 1135133 | 211351339 | 土木与交通工程学院资料室/101建筑库 55排1列1层/ [索取号:TU711/Z9111] | 在馆 | |
| 3 | 1135134 | 211351348 | 建筑库201/201建筑库 18排4列1层/ [索取号:TU711/Z9111] | 在馆 |